000 01757nam a2200505 i 4500
001 45093
003 KOSZ 005
005 20210115130241.0
008 980702s1996 pl a f |000 0 pol
015 _aUWD 1996/17382
020 _a8386569786
035 _a991004477219705066
035 _a(PL-WaBN)b1118159x-48omnis_nlop
035 _ab1118159x
035 _a(OCoLC)749722077
035 _a(PL)b0000001118159
035 _a(EXLNZ-48OMNIS_NETWORK)9910195302905606
040 _aWA N
_cWA N
_dWA N
_dKOSZ 005/HR
046 _k1996
080 _a663.1.01/.09
080 _a(075.8)
100 1 _aBałdyga, Jerzy
_d(1950-2019)
_eAutor
245 1 0 _aObliczenia w inżynierii bioreaktorów /
_cJerzy Bałdyga, Marek Henczka, Wioletta Podgórska.
260 _aWarszawa :
_bOficyna Wydawnicza Politechniki Warszawskiej,
_c1996.
300 _a198, [2] s. :
_brys., wykr. ;
_c24 cm.
336 _aTekst
_btxt
_2rdacontent
337 _aBez urządzenia pośredniczącego
_bn
_2rdamedia
338 _aWolumin
_bnc
_2rdacarrier
380 _aKsiążki
380 _aPublikacje dydaktyczne
385 _mPoziom nauczania
_aSzkoły wyższe
388 _a1901-2000
388 _a1989-2000
504 _aBibliogr. s. [200].
650 7 _aBioreaktory
_2DBN
650 7 _aModele matematyczne
655 7 _aPodręczniki akademickie
_2DBN
658 _aInżynieria i technika
700 1 _aHenczka, Marek
_eAutor
700 1 _aPodgórska, Wioletta
_d(1963-2019)
_eAutor
710 2 _aOficyna Wydawnicza Politechniki Warszawskiej
_4pbl
856 _uhttp://koha.tu.koszalin.pl/cgi-bin/koha/opac-detail.pl?biblionumber=45093
_yKatalog online BPK
942 _2UKD
_cKS
999 _c45093
_d45093